[Event "24.Schlosspark-Open"]
[Site "Wiesbaden-Biebrich"]
[Date "2012.08.24"]
[Round "2.52"]
[White "Witte, Volker"]
[Black "Lorenz, Hermann"]
[Result "1/2-1/2"]
[WhiteElo "1903"]
[BlackElo "1691"]
[PlyCount "70"]
[EventDate "2012.??.??"]
[WhiteTeam "SF Schlebusch"]
[BlackTeam "Sfr.Mainz 1928"]

1. d4 g6 2. c4 Nf6 3. Nc3 d5 4. cxd5 Nxd5 5. e4 Nxc3 6. bxc3 c5 7. Be3 Bg7 8.
Bc4 Qa5 9. Ne2 O-O 10. O-O cxd4 11. cxd4 Nc6 12. Qb3 a6 13. Rac1 e6 14. d5 Ne5
15. Bb6 Qd2 16. Rfd1 Qh6 17. d6 Bd7 18. Be3 Qh5 19. Ng3 Qh4 20. Be2 Bc6 21.
Rxc6 bxc6 22. f4 Rab8 23. Qa4 Ng4 24. Bxg4 Qxg4 25. Rc1 h5 26. Qxc6 h4 27. Nf1
Rb2 28. e5 Qe2 29. h3 Rxa2 30. d7 Kh7 31. Bb6 Qd3 32. Qc4 Ra3 33. Bc5 Qxc4 34.
Rxc4 Rd3 35. Bxf8 Bxf8 1/2-1/2

[Event "24.Schlosspark-Open"]
[Site "Wiesbaden-Biebrich"]
[Date "2012.08.24"]
[Round "2.53"]
[White "Schneider, Lutz"]
[Black "Gebben, Alwin"]
[Result "1/2-1/2"]
[WhiteElo "1711"]
[BlackElo "1902"]
[PlyCount "48"]
[EventDate "2012.??.??"]
[WhiteTeam "Vorw.Orient Mainz"]
[BlackTeam "SK Nordhorn-Blanke"]

1. e4 e6 2. d4 d5 3. Be3 dxe4 4. Nd2 Nf6 5. c3 Nbd7 6. Qc2 Bd6 7. Ne2 b6 8.
Nxe4 Nxe4 9. Qxe4 Rb8 10. Ng3 Nf6 11. Qc2 Bb7 12. f3 Nd5 13. Bf2 O-O 14. Bd3 h6
15. O-O Qh4 16. Rfe1 Rbc8 17. Be4 Rfd8 18. Qd1 Ba8 19. Bb1 Nf6 20. Nf1 Qg5 21.
Bg3 h5 22. Bxd6 cxd6 23. Qd2 Qxd2 24. Nxd2 Bb7 1/2-1/2

[Event "24.Schlosspark-Open"]
[Site "Wiesbaden-Biebrich"]
[Date "2012.08.24"]
[Round "2.54"]
[White "Thomele, Michael"]
[Black "Künitz, Klaus"]
[Result "1-0"]
[WhiteElo "1895"]
[BlackElo "1660"]
[PlyCount "43"]
[EventDate "2012.??.??"]
[WhiteTeam "SC 1959 Obernau"]
[BlackTeam "TSV Schott Mainz"]

1. e4 e6 2. d4 d5 3. Nc3 dxe4 4. Nxe4 Nd7 5. Nf3 Ngf6 6. Nxf6+ Nxf6 7. Bd3 Be7
8. Bg5 O-O 9. Qd2 b5 10. h4 Bb7 11. Be2 Ne4 12. Qd3 Rb8 13. Bxe7 Qxe7 14. Ng5
Qb4+ 15. c3 Qxb2 16. O-O Nf6 17. a4 b4 18. cxb4 Qxb4 19. Rfc1 Qd6 20. Qc3 h6
21. Nf3 Nd5 22. Qc4 1-0

[Event "24.Schlosspark-Open"]
[Site "Wiesbaden-Biebrich"]
[Date "2012.08.24"]
[Round "2.55"]
[White "Lindemann, Antje"]
[Black "Lanz, Udo"]
[Result "1/2-1/2"]
[WhiteElo "1689"]
[BlackElo "1893"]
[PlyCount "82"]
[EventDate "2012.??.??"]
[WhiteTeam "SC Stetten a.d.F."]
[BlackTeam "SC Eberbach"]

1. e4 c5 2. c3 d5 3. exd5 Qxd5 4. d4 e5 5. dxe5 Qxe5+ 6. Be3 Nf6 7. Nf3 Qc7 8.
Na3 a6 9. Be2 Be7 10. O-O O-O 11. Nc4 Nc6 12. Qc1 Nd5 13. Rd1 Nxe3 14. Nxe3 Be6
15. Nd5 Bxd5 16. Rxd5 Rad8 17. Rh5 Rfe8 18. Qc2 g6 19. Rh3 Bf6 20. Rd1 b5 21.
Bf1 Ne5 22. Rxd8 Rxd8 23. Qc1 Ng4 24. Rg3 h5 25. h3 Ne5 26. Nxe5 Bxe5 27. Rd3
c4 28. Rxd8+ Qxd8 29. Qe3 Bc7 30. g3 h4 31. Kg2 hxg3 32. fxg3 Qd6 33. Be2 Bb6
34. Qf3 Qc5 35. Qf1 Qe3 36. Bf3 a5 37. h4 b4 38. cxb4 axb4 39. Qe2 c3 40. Qxe3
Bxe3 41. bxc3 bxc3 1/2-1/2

[Event "24.Schlosspark-Open"]
[Site "Wiesbaden-Biebrich"]
[Date "2012.08.24"]
[Round "2.56"]
[White "Mager, Thomas"]
[Black "Busch, Silvan"]
[Result "1-0"]
[WhiteElo "1883"]
[BlackElo "1657"]
[PlyCount "43"]
[EventDate "2012.??.??"]
[WhiteTeam "SK 1929 Mainaschaff"]
[BlackTeam "SV 1920 Hofheim"]

1. d4 g6 2. Nf3 Bg7 3. Bf4 d6 4. e3 a6 5. Be2 Bf5 6. O-O Nf6 7. h3 h6 8. c4
Nbd7 9. Nc3 c5 10. d5 Ne4 11. Nxe4 Bxe4 12. Nd2 Bxb2 13. Nxe4 Bxa1 14. Qxa1 f6
15. Rb1 Rb8 16. a4 a5 17. Bg4 h5 18. Bxd7+ Qxd7 19. Bxd6 Rc8 20. Bh2 Qd8 21.
Rxb7 Kf7 22. Nd6+ 1-0

[Event "24.Schlosspark-Open"]
[Site "Wiesbaden-Biebrich"]
[Date "2012.08.24"]
[Round "2.57"]
[White "Leßmann, Sven"]
[Black "Bolduan, Michael"]
[Result "1/2-1/2"]
[WhiteElo "1659"]
[BlackElo "1889"]
[PlyCount "57"]
[EventDate "2012.??.??"]
[WhiteTeam "SC Bad Soden"]
[BlackTeam "SC Taunusstein 1966"]

1. d4 e6 2. c4 f5 3. Nf3 Nf6 4. Nc3 d5 5. Bg5 c6 6. Ne5 Bd6 7. e3 O-O 8. cxd5
exd5 9. Bd3 Qe8 10. f4 Ne4 11. Bh4 Nd7 12. O-O Ndf6 13. Rf3 Be6 14. Rh3 Rc8 15.
Bxf6 Rxf6 16. Qe1 Bxe5 17. dxe5 Rg6 18. Be2 Qe7 19. Rd1 Rd8 20. Bf3 b6 21. Ne2
c5 22. Ng3 Nxg3 23. Rxg3 Rxg3 24. Qxg3 d4 25. exd4 cxd4 26. b3 Kf7 27. Be2 Qc5
28. Kf1 Rd7 29. Qh3 1/2-1/2

[Event "24.Schlosspark-Open"]
[Site "Wiesbaden-Biebrich"]
[Date "2012.08.24"]
[Round "2.58"]
[White "Lukas, Sebastian"]
[Black "Stiefel, Marika"]
[Result "1/2-1/2"]
[WhiteElo "1887"]
[BlackElo "1645"]
[PlyCount "34"]
[EventDate "2012.??.??"]
[WhiteTeam "SC 1979 Hattersheim"]
[BlackTeam "SSV Vimaria 91 Weimar"]

1. e4 c5 2. Nc3 a6 3. f4 e6 4. Nf3 b5 5. d3 Bb7 6. g3 Nf6 7. Bg2 Be7 8. O-O O-O
9. h3 d6 10. Kh1 Nc6 11. g4 d5 12. e5 Nd7 13. Qe1 Nb4 14. Qf2 d4 15. Ne4 c4 16.
Nxd4 cxd3 17. cxd3 Nxd3 1/2-1/2

[Event "24.Schlosspark-Open"]
[Site "Wiesbaden-Biebrich"]
[Date "2012.08.24"]
[Round "2.59"]
[White "Goldschmidt, Andreas"]
[Black "Rolf, Marco"]
[Result "0-1"]
[WhiteElo "1649"]
[BlackElo "1881"]
[PlyCount "68"]
[EventDate "2012.??.??"]
[WhiteTeam "SC 1953 Ronneburg"]
[BlackTeam "SK Bad Homburg 1927"]

1. d4 d5 2. c4 c6 3. Nf3 Nf6 4. Nc3 a6 5. Bg5 b5 6. cxd5 cxd5 7. e3 e6 8. Bd3
Bd6 9. O-O Nbd7 10. Rc1 h6 11. Bh4 Bb7 12. Qe2 O-O 13. e4 dxe4 14. Nxe4 Be7 15.
Nc5 Bd5 16. b4 Nb6 17. Rfe1 Bxf3 18. Qxf3 Qxd4 19. Bxf6 Qxf6 20. Qe4 g6 21. Qe3
Nd5 22. Qxh6 Rfd8 23. Nxe6 fxe6 24. Bxg6 Qg7 25. Qh5 Nf4 26. Bh7+ Kh8 27. Qf3
Rf8 28. Bb1 Rg8 29. g3 Raf8 30. Kh1 Qh6 31. gxf4 Rxf4 32. Qe3 Qxh2+ 33. Kxh2
Rh4+ 34. Qh3 Bd6+ 0-1

[Event "24.Schlosspark-Open"]
[Site "Wiesbaden-Biebrich"]
[Date "2012.08.24"]
[Round "2.60"]
[White "Launert, Martin"]
[Black "Giesau, Bernhard"]
[Result "0-1"]
[WhiteElo "1870"]
[BlackElo "1632"]
[PlyCount "110"]
[EventDate "2012.??.??"]
[WhiteTeam "Sfr.Erbach"]
[BlackTeam "SK Gau-Algesheim"]

1. e4 c6 2. d4 d5 3. Nc3 dxe4 4. Nxe4 Bf5 5. Ng3 Bg6 6. h4 h6 7. h5 Bh7 8. Nf3
Nd7 9. Bd3 Bxd3 10. Qxd3 Ngf6 11. Bd2 e6 12. O-O-O Qc7 13. Kb1 O-O-O 14. Qe2
Bd6 15. Ne4 Bf4 16. Bxf4 Qxf4 17. Ng3 Rhe8 18. Rde1 Nd5 19. Rh4 Qd6 20. a3 Qe7
21. c4 Nc7 22. Rhh1 Nb6 23. Ne4 Kb8 24. c5 Nc8 25. Qc4 Qd7 26. Rd1 Qd5 27. Qc2
Qf5 28. Ng3 Qxc2+ 29. Kxc2 Nb5 30. Rhe1 Re7 31. a4 Nc7 32. Ne4 Rd5 33. g4 f5
34. Nc3 Rdd7 35. Ne5 Rd8 36. gxf5 exf5 37. Ne2 Ne6 38. Kc3 Nxc5 39. Kb4 Ne4 40.
f3 c5+ 41. Kb3 Nf6 42. Nf4 cxd4 43. Rc1 Rde8 44. Nfd3 Nb6 45. a5 Nbd7 46. Nxd7+
Nxd7 47. Rxe7 Rxe7 48. Kc4 Nf6 49. Kxd4 Rd7+ 50. Ke3 Nxh5 51. Ne5 Re7 52. Kd4
Nf4 53. Re1 Kc7 54. Rc1+ Kd8 55. b4 Ne2+ 0-1

[Event "24.Schlosspark-Open"]
[Site "Wiesbaden-Biebrich"]
[Date "2012.08.24"]
[Round "2.61"]
[White "Bykov, Vyacheslav"]
[Black "Marzec, Witold"]
[Result "1-0"]
[WhiteElo "1636"]
[BlackElo "1869"]
[PlyCount "57"]
[EventDate "2012.??.??"]
[WhiteTeam "Wiesbadener SV 1885"]
[BlackTeam "vereinslos"]

1. d4 d5 2. c4 e6 3. Nc3 Nf6 4. cxd5 exd5 5. Bg5 Be7 6. Qc2 O-O 7. e3 Re8 8.
Bd3 h6 9. Bh4 c6 10. h3 Ne4 11. Bxe7 Qxe7 12. Nf3 Nd7 13. O-O Nxc3 14. Qxc3 Nf6
15. Rab1 Ne4 16. Qc2 Qf6 17. Ne5 Bf5 18. b4 Nd6 19. Bxf5 Nxf5 20. b5 Rac8 21.
bxc6 bxc6 22. Rb7 Re7 23. Rfb1 g6 24. Qc5 Rcc7 25. Qxa7 Rxb7 26. Rxb7 Rxb7 27.
Qxb7 Ne7 28. a4 c5 29. Nd7 1-0

[Event "24.Schlosspark-Open"]
[Site "Wiesbaden-Biebrich"]
[Date "2012.08.24"]
[Round "2.62"]
[White "Anders, Eric"]
[Black "Sanati, Charlotte"]
[Result "1-0"]
[WhiteElo "1842"]
[BlackElo "1616"]
[PlyCount "79"]
[EventDate "2012.??.??"]
[WhiteTeam "TSV Schott Mainz"]
[BlackTeam "SG Trier"]

1. e4 e5 2. Nf3 Nc6 3. Bc4 Bc5 4. c3 Nf6 5. d3 O-O 6. Nbd2 d6 7. b4 Bb6 8. O-O
Qe7 9. Bb3 a6 10. h3 h6 11. Re1 Be6 12. Bc2 Qd7 13. Nf1 Rfe8 14. Ng3 d5 15. a3
Ba7 16. Qe2 d4 17. c4 b5 18. c5 a5 19. Bd2 a4 20. Nh4 Qe7 21. Nhf5 Bxf5 22.
Nxf5 Qe6 23. Bb1 Ne7 24. Ba2 Qd7 25. Nh4 Qc6 26. Qf3 Rad8 27. Qg3 Kf8 28. Qxe5
Rd7 29. Qg3 Nc8 30. Nf5 Nh5 31. Qh4 Qg6 32. Kh2 Ne7 33. g4 Nf6 34. Qg3 Nc6 35.
Bf4 Bb8 36. Rg1 Ng8 37. Nh4 Qf6 38. g5 hxg5 39. Bxg5 Qe5 40. f4 1-0

[Event "24.Schlosspark-Open"]
[Site "Wiesbaden-Biebrich"]
[Date "2012.08.24"]
[Round "2.63"]
[White "Roth, Michael"]
[Black "Ivkin, Michael"]
[Result "0-1"]
[WhiteElo "1619"]
[BlackElo "1827"]
[PlyCount "76"]
[EventDate "2012.??.??"]
[WhiteTeam "SC Lerchenberg/ZMO"]
[BlackTeam "Wiesbadener SV 1885"]

1. e4 c5 2. d4 cxd4 3. Qxd4 Nc6 4. Qd1 d6 5. Bc4 Nf6 6. Bg5 Qa5+ 7. Bd2 Qb6 8.
Bc3 Nxe4 9. Bxf7+ Kxf7 10. Qd5+ Ke8 11. Qxe4 Qb5 12. Na3 Qf5 13. Qe2 Qe6 14.
Nb5 Kd8 15. O-O-O a6 16. Nd4 Nxd4 17. Ba5+ Ke8 18. Rxd4 Qxa2 19. Bc3 Qe6 20.
Qd3 Qf5 21. Qd2 e5 22. Rd3 Be6 23. Rf3 Qh5 24. h3 Be7 25. Qe1 Rc8 26. Qe4 Rc6
27. Rg3 Bg5+ 28. Bd2 Bxd2+ 29. Kxd2 Bf5 30. Qf3 Rxc2+ 31. Kd1 Qh6 32. Qe3 Qxe3
33. fxe3 g6 34. Rg5 Rxb2 35. Ne2 Rb1+ 36. Nc1 Ke7 37. Kd2 Rc8 38. h4 Rc2+ 0-1

[Event "24.Schlosspark-Open"]
[Site "Wiesbaden-Biebrich"]
[Date "2012.08.24"]
[Round "2.64"]
[White "Mang, Markus"]
[Black "Künne, Lutz Dieter"]
[Result "1-0"]
[WhiteElo "1827"]
[BlackElo "1562"]
[PlyCount "65"]
[EventDate "2012.??.??"]
[WhiteTeam "SG Kaiserslautern 1905"]
[BlackTeam "Kings Club 98 Jena"]

1. d4 d5 2. Nf3 Nf6 3. c4 c6 4. Nc3 dxc4 5. a4 e6 6. Bg5 Nbd7 7. e4 h6 8. Bh4
g5 9. Bg3 Nh5 10. Be5 f6 11. Nd2 Ng7 12. Bg3 Nb6 13. a5 Nd7 14. Nxc4 b5 15.
axb6 Nxb6 16. Be2 h5 17. f4 Nxc4 18. Bxc4 h4 19. Bf2 gxf4 20. Qg4 Ke7 21. Qxf4
Nh5 22. Qf3 Qd6 23. Be3 e5 24. Rd1 Rb8 25. b3 Qb4 26. Bd2 Qa3 27. O-O Qd6 28.
dxe5 Qc5+ 29. Be3 Qxe5 30. Bd4 Qg5 31. e5 Bg7 32. Bc5+ Ke8 33. Qxc6+ 1-0

[Event "24.Schlosspark-Open"]
[Site "Wiesbaden-Biebrich"]
[Date "2012.08.24"]
[Round "2.65"]
[White "Köllmer, Hans"]
[Black "Steimbach, Isabel"]
[Result "0-1"]
[WhiteElo "1576"]
[BlackElo "1718"]
[PlyCount "108"]
[EventDate "2012.??.??"]
[WhiteTeam "Sfr.Heidesheim"]
[BlackTeam "OSG Baden-Baden"]

1. d4 d5 2. Bf4 Nf6 3. Nd2 e6 4. e3 Be7 5. Bd3 O-O 6. Ngf3 b6 7. O-O Bb7 8. Re1
Nbd7 9. c3 c5 10. h3 Rc8 11. Nf1 Ne4 12. N1h2 Ndf6 13. Ng4 Nxg4 14. hxg4 Bd6
15. Bxd6 Qxd6 16. Qe2 f6 17. Rac1 e5 18. Bc2 Rfe8 19. Qd3 c4 20. Qd1 Qe7 21.
Nd2 Nd6 22. Qf3 Qc7 23. Qh3 e4 24. Nf1 Rcd8 25. Ng3 g6 26. Bd1 Bc8 27. Qh4 Qe7
28. Kh2 b5 29. Rh1 a5 30. Kg1 Qg7 31. Ne2 Nf7 32. Qg3 Ng5 33. Nf4 Ne6 34. Be2
Nxf4 35. Qxf4 b4 36. Rb1 Re7 37. Qh6 Qxh6 38. Rxh6 Rb7 39. cxb4 axb4 40. Rh1
Ra7 41. Ra1 Bd7 42. Kh2 Rda8 43. a3 bxa3 44. Rhb1 axb2 45. Rxa7 Rxa7 46. Rxb2
c3 47. Rc2 Rc7 48. f3 Ba4 49. Rc1 c2 50. fxe4 dxe4 51. Ba6 Rc3 52. d5 Kf7 53.
Kg1 Rb3 54. d6 Rb1 0-1

[Event "24.Schlosspark-Open"]
[Site "Wiesbaden-Biebrich"]
[Date "2012.08.24"]
[Round "2.66"]
[White "Dehning-Busse, Karsten"]
[Black "Happel, Jürgen"]
[Result "1-0"]
[WhiteElo "1824"]
[BlackElo "1554"]
[PlyCount "129"]
[EventDate "2012.??.??"]
[WhiteTeam "SF Lilienthal von 1971"]
[BlackTeam "SV 1920 Hofheim"]

1. d4 d5 2. Nc3 Nf6 3. Bg5 e6 4. e4 dxe4 5. Nxe4 Be7 6. Bxf6 Bxf6 7. Nf3 O-O 8.
Qd2 Nc6 9. c3 h6 10. Bd3 b6 11. O-O Bb7 12. Nxf6+ Qxf6 13. Be4 Rab8 14. Bxc6
Bxc6 15. Ne5 Be8 16. Qe3 Qe7 17. f4 f6 18. Nf3 Qd7 19. Rad1 Qd5 20. b3 b5 21.
Rde1 Bf7 22. Nd2 Qc6 23. Qf3 Qxf3 24. Nxf3 Rbc8 25. b4 c6 26. a3 Ra8 27. Nd2 a5
28. Ra1 a4 29. Ne4 Rfd8 30. Nc5 Ra7 31. Rae1 Rd6 32. Rf3 f5 33. Rfe3 Re7 34.
Kf2 Kh7 35. Nd3 Bg8 36. Ne5 g6 37. h3 h5 38. Rg1 h4 39. g3 hxg3+ 40. Rexg3 Bf7
41. h4 Rc7 42. h5 gxh5 43. Rg7+ Kh6 44. Nxf7+ Rxf7 45. Rxf7 Rd8 46. Rf6+ Kh7
47. Rxe6 c5 48. dxc5 h4 49. Ke3 Rh8 50. Rgg6 Rd8 51. Rh6+ Kg7 52. Rxh4 Rd1 53.
Ra6 Re1+ 54. Kd2 Re7 55. Rhh6 Re4 56. Rhb6 Re7 57. Rg6+ Kh7 58. Rh6+ Kg7 59.
Rag6+ Kf7 60. Rh7+ Ke8 61. Rxe7+ Kxe7 62. c6 Kd8 63. Rg7 Kc8 64. Kd3 Kd8 65.
Kd4 1-0

[Event "24.Schlosspark-Open"]
[Site "Wiesbaden-Biebrich"]
[Date "2012.08.24"]
[Round "2.67"]
[White "Urbach, Jens"]
[Black "Rüll, Michael"]
[Result "0-1"]
[WhiteElo "1558"]
[BlackElo "1815"]
[PlyCount "38"]
[EventDate "2012.??.??"]
[WhiteTeam "Sfr. Frankfurt 1921"]
[BlackTeam "SC 1952 Obertshausen"]

1. e4 c5 2. Nf3 Nc6 3. d4 cxd4 4. Nxd4 e5 5. Nxc6 bxc6 6. Bc4 Nf6 7. Nc3 Be7 8.
O-O O-O 9. Be3 Bb7 10. Re1 d5 11. exd5 cxd5 12. Be2 d4 13. Bf3 Bxf3 14. gxf3
dxe3 15. Rxe3 Bc5 16. Qxd8 Rfxd8 17. Rxe5 Bd4 18. Re2 Bxc3 19. bxc3 Kf8 0-1

[Event "24.Schlosspark-Open"]
[Site "Wiesbaden-Biebrich"]
[Date "2012.08.24"]
[Round "2.68"]
[White "Sonnhoff, Werner"]
[Black "Maleski, Heinz"]
[Result "0-1"]
[WhiteElo "1815"]
[BlackElo "1527"]
[PlyCount "126"]
[EventDate "2012.??.??"]
[WhiteTeam "SV Turm Lahnstein"]
[BlackTeam "SC Budenheim"]

1. d4 d5 2. Bf4 Nf6 3. e3 g6 4. c4 Bg7 5. Nc3 O-O 6. cxd5 c6 7. dxc6 Nxc6 8.
Nf3 Bg4 9. Be2 Nd5 10. Nxd5 Qxd5 11. O-O Rfe8 12. h3 Bxf3 13. Bxf3 Qb5 14. Bxc6
Qxc6 15. Qb3 b6 16. Rac1 Qe4 17. Qc2 Qxc2 18. Rxc2 f6 19. e4 e5 20. dxe5 fxe5
21. Be3 Rac8 22. Rfc1 Rxc2 23. Rxc2 Re7 24. b4 Rd7 25. b5 Bf8 26. Kf1 Kf7 27.
Ke2 Bb4 28. a4 h5 29. Rc6 Ba5 30. g4 hxg4 31. hxg4 Bb4 32. Kf3 Ba5 33. Rc4 Rb7
34. Kg3 Rd7 35. Kh4 Kg7 36. Kg5 Rf7 37. Rc6 Bb4 38. Rxg6+ Kh7 39. Rf6 Be7 40.
Kf5 Bxf6 41. g5 Bh8+ 42. Ke6 Kg6 43. Kd6 Bg7 44. Kc6 Bf8 45. Kd5 Bg7 46. Kc6
Bh8 47. Kd6 Rh7 48. Kc6 Kh5 49. f4 exf4 50. Bxf4 Kg4 51. Bd6 Kxg5 52. e5 Kf5
53. Kd5 Rh4 54. Bb8 Rxa4 55. e6 Rd4+ 56. Kc6 Kxe6 57. Bxa7 Rd6+ 58. Kb7 Bd4 59.
Bb8 Rd5 60. Kc6 Rd8 61. Bc7 Rc8 62. Kb7 Rxc7+ 63. Kxc7 Kd5 0-1

[Event "24.Schlosspark-Open"]
[Site "Wiesbaden-Biebrich"]
[Date "2012.08.24"]
[Round "2.69"]
[White "Burow, Roger"]
[Black "Aab, Manfred"]
[Result "1/2-1/2"]
[WhiteElo "1527"]
[BlackElo "1808"]
[PlyCount "67"]
[EventDate "2012.??.??"]
[WhiteTeam "SV 1920 Kelsterbach"]
[BlackTeam "SG Stern Stuttgart"]

1. e4 d5 2. d4 dxe4 3. Nc3 e5 4. Be3 exd4 5. Bxd4 Nf6 6. h3 Bb4 7. Bc4 O-O 8.
Nge2 a6 9. Bb3 b5 10. O-O Bxc3 11. Nxc3 Bb7 12. Re1 Nbd7 13. Re3 c5 14. Bxf6
Nxf6 15. a3 c4 16. Ba2 Qc7 17. Qe2 Rad8 18. b3 Rd4 19. Rg3 Rfd8 20. Qe3 Qe5 21.
Re1 Nd5 22. Nxd5 Bxd5 23. Bb1 Bb7 24. bxc4 bxc4 25. Qc3 Qc7 26. Ba2 g6 27. Qe3
Rd2 28. Rc1 Rd1+ 29. Kh2 Rxc1 30. Qxc1 Qc5 31. Qf1 Bd5 32. Rc3 Be6 33. Qe2 Qe5+
34. Rg3 1/2-1/2

[Event "24.Schlosspark-Open"]
[Site "Wiesbaden-Biebrich"]
[Date "2012.08.24"]
[Round "2.70"]
[White "Rößler, Lukas Namgyu"]
[Black "Schellen, Sven"]
[Result "0-1"]
[WhiteElo "1508"]
[BlackElo "1805"]
[PlyCount "80"]
[EventDate "2012.??.??"]
[WhiteTeam "SK Mannheim-Lindenhof 1865"]
[BlackTeam "Sfr. Frankfurt 1921"]

1. e4 e6 2. d4 d5 3. Nc3 Nf6 4. e5 Nfd7 5. f4 c5 6. Nf3 Nc6 7. Be3 a6 8. Be2
Be7 9. O-O O-O 10. Qd2 Re8 11. Rad1 c4 12. Qe1 Nf8 13. h4 Bb4 14. a3 Ba5 15.
Bd2 b5 16. Qg3 Ng6 17. h5 Nge7 18. Qf2 Nf5 19. Be1 Bb6 20. g4 Nh6 21. Qg2 f6
22. g5 fxg5 23. fxg5 Nf5 24. Bf2 Qe7 25. Na2 a5 26. c3 Ba6 27. Nh4 Nxh4 28.
Bxh4 Nxe5 29. Qg3 Qc7 30. Kh1 Nc6 31. g6 Qxg3 32. Bxg3 Rf8 33. gxh7+ Kxh7 34.
Rg1 e5 35. Rg2 exd4 36. Bf2 Rxf2 37. Rxf2 d3 38. Bxd3+ cxd3 39. Rf5 b4 40. Rxd5
Bc4 0-1

[Event "24.Schlosspark-Open"]
[Site "Wiesbaden-Biebrich"]
[Date "2012.08.24"]
[Round "2.71"]
[White "Kirmeir, Andreas"]
[Black "Triantafillidis, Dimitrios"]
[Result "1/2-1/2"]
[WhiteElo "1801"]
[BlackElo "1447"]
[PlyCount "120"]
[EventDate "2012.??.??"]
[WhiteTeam "SC Landskrone"]
[BlackTeam "SF HN-Biberach 1978 e.V."]

1. b3 e5 2. Bb2 d6 3. g3 Bd7 4. Bg2 Nc6 5. e3 Be7 6. Ne2 Nf6 7. d3 Rb8 8. Nd2
b5 9. a3 a6 10. h3 Na7 11. O-O c5 12. f4 exf4 13. Nxf4 Bc6 14. e4 Qb6 15. Kh2
O-O 16. Nh5 Nxh5 17. Qxh5 f6 18. Rf3 Be8 19. Qg4 Nc6 20. Raf1 Ne5 21. Bxe5 dxe5
22. R3f2 Rd8 23. Qe2 Bf7 24. g4 a5 25. h4 h6 26. Bh3 Rd6 27. Nf3 Be6 28. Qe3
Rfd8 29. Ne1 Qc6 30. Nf3 c4 31. dxc4 bxc4 32. bxc4 Qxc4 33. g5 Bxh3 34. Kxh3
Qe6+ 35. Kh2 fxg5 36. hxg5 hxg5 37. Qb3 Qxb3 38. cxb3 Rd1 39. Kg2 Rxf1 40. Kxf1
Bf6 41. Rd2 Rxd2 42. Nxd2 Be7 43. Nc4 Kf8 44. Nxa5 Bxa3 45. Nc4 Bc1 46. Nxe5
Bf4 47. Ng4 Ke7 48. Ke2 Kd6 49. b4 Kc6 50. Kd3 Kb5 51. Kc3 Bd6 52. Kd4 Bxb4 53.
Kd5 Kb6 54. Ke6 Kc5 55. Kf7 Kd4 56. e5 Ke4 57. e6 Kf4 58. Nf2 Kf3 59. Nd3 Bd6
60. Kxg7 g4 1/2-1/2

[Event "24.Schlosspark-Open"]
[Site "Wiesbaden-Biebrich"]
[Date "2012.08.24"]
[Round "2.72"]
[White "Heun, Andreas"]
[Black "Windhaus, Dirk"]
[Result "0-1"]
[WhiteElo "1458"]
[BlackElo "1794"]
[PlyCount "41"]
[EventDate "2012.??.??"]
[WhiteTeam "SC Ladja Roßdorf"]
[BlackTeam "SVG Eppstein 1932"]

1. e4 c6 2. Nc3 d5 3. exd5 cxd5 4. d4 Nc6 5. Nf3 Bg4 6. Be2 Nf6 7. O-O e6 8.
Bg5 Be7 9. Re1 O-O 10. Ne5 Bxe2 11. Nxe2 Rc8 12. c3 b5 13. Nxc6 Rxc6 14. Qb3
Qb8 15. Rac1 Rb6 16. Ng3 h6 17. Bd2 Qc7 18. Qd1 Rc8 19. Qe2 Qc4 20. Qf3 Nh7 21.
Nf5 {Handy klingelt!} 0-1

[Event "24.Schlosspark-Open"]
[Site "Wiesbaden-Biebrich"]
[Date "2012.08.24"]
[Round "2.73"]
[White "Achtmann, Armin"]
[Black "Schöneberger, Thomas"]
[Result "1-0"]
[WhiteElo "1931"]
[BlackElo "1393"]
[PlyCount "57"]
[EventDate "2012.??.??"]
[WhiteTeam "Petra/Mallorca"]
[BlackTeam "SC 1979 Hattersheim"]

1. b4 e5 2. Bb2 d6 3. e4 a6 4. Bc4 Nc6 5. a3 Nh6 6. Ne2 Be7 7. d3 O-O 8. Nd2
Be6 9. O-O Bxc4 10. Nxc4 f5 11. f4 Bf6 12. fxe5 Bxe5 13. Nxe5 dxe5 14. d4 Ng4
15. Qd3 Qh4 16. h3 Nf6 17. exf5 exd4 18. Nxd4 Rad8 19. Qb3+ Rf7 20. Nxc6 bxc6
21. Rad1 Ne4 22. Rxd8+ Qxd8 23. Qe6 Ng3 24. Re1 Nxf5 25. Qxc6 Rf8 26. Qe6+ Kh8
27. Rf1 Ng3 28. Re1 h6 29. Qxh6+ 1-0

[Event "24.Schlosspark-Open"]
[Site "Wiesbaden-Biebrich"]
[Date "2012.08.24"]
[Round "2.74"]
[White "Vaintroub, Maximilian"]
[Black "Berkes, Jörg"]
[Result "0-1"]
[WhiteElo "1438"]
[BlackElo "1790"]
[PlyCount "112"]
[EventDate "2012.??.??"]
[WhiteTeam "SK Mannheim-Lindenhof 1865"]
[BlackTeam "SK Langen"]

1. e4 e6 2. d4 d5 3. exd5 exd5 4. Bd3 Bd6 5. Nc3 Nf6 6. Nge2 Be6 7. Nf4 Bg4 8.
f3 Bd7 9. Ncxd5 Nxd5 10. Nxd5 Qh4+ 11. Kf1 Qxd4 12. Qe2+ Be6 13. Nc3 a6 14. Qe4
Bc5 15. Qxd4 Bxd4 16. Bd2 f5 17. Re1 Kf7 18. b3 Nc6 19. Ne2 Bf6 20. Nf4 Bd7 21.
Bc4+ Kf8 22. Ne6+ Bxe6 23. Bxe6 Rd8 24. Bf4 Bc3 25. Bxc7 Bxe1 26. Bxd8 Nxd8 27.
Bxf5 Bb4 28. Ke2 Kf7 29. Rd1 Re8+ 30. Be4 Kf6 31. Rd7 h6 32. Kd3 b5 33. c3 Bf8
34. f4 Ne6 35. Ke3 Nc5 36. Rd4 Nxe4 37. Rxe4 Bc5+ 38. Kd3 Rd8+ 39. Ke2 Bg1 40.
h4 h5 41. c4 bxc4 42. Rxc4 Rd6 43. Rc3 Kf5 44. Kf3 Rd2 45. Rc1 Bd4 46. Rc7 Rf2+
47. Kg3 Rxf4 48. Rf7+ Bf6 49. Ra7 Bxh4+ 50. Kh3 Bf2 51. Rf7+ Ke5 52. Rxf4 Kxf4
53. b4 Be1 54. a3 g5 55. g3+ Bxg3 56. a4 Kf3 0-1

[Event "24.Schlosspark-Open"]
[Site "Wiesbaden-Biebrich"]
[Date "2012.08.24"]
[Round "2.75"]
[White "Hoffmann, Jens"]
[Black "Busch, Malte"]
[Result "1/2-1/2"]
[WhiteElo "1406"]
[BlackElo "1765"]
[PlyCount "60"]
[EventDate "2012.??.??"]
[WhiteTeam "SF HN-Biberach 1978 e.V."]
[BlackTeam "SC 1979 Hattersheim"]

1. e4 e6 2. d4 d5 3. e5 c5 4. c3 Nc6 5. Nf3 Be7 6. Bd3 f6 7. O-O cxd4 8. cxd4
fxe5 9. Nxe5 Nf6 10. Be3 O-O 11. Nd2 Bd7 12. Ndf3 Rc8 13. Nxd7 Nxd7 14. Qb1 h6
15. a3 Bd6 16. Rd1 Qf6 17. b4 b6 18. Qb3 Ne7 19. Bb5 Nb8 20. Qb2 a6 21. Bd3
Nec6 22. Rac1 b5 23. Qb3 Nd7 24. Rc2 Nb6 25. Rdc1 Nc4 26. Bxc4 dxc4 27. Qc3 Qg6
28. Kf1 Qf6 29. Kg1 Qg6 30. Kf1 Qf6 1/2-1/2

[Event "24.Schlosspark-Open"]
[Site "Wiesbaden-Biebrich"]
[Date "2012.08.24"]
[Round "2.76"]
[White "Traut, Stefan"]
[Black "Meier, Alexander"]
[Result "1/2-1/2"]
[WhiteElo "1765"]
[BlackElo "1314"]
[PlyCount "56"]
[EventDate "2012.??.??"]
[WhiteTeam "Sfr. Heusenstamm"]
[BlackTeam "FC 1934 Wiesbaden-Bierstadt"]

1. d4 d5 2. Nf3 Nf6 3. c4 e6 4. g3 c6 5. Qc2 Be7 6. Bg2 Nbd7 7. O-O O-O 8. Nbd2
Re8 9. e4 dxe4 10. Nxe4 Nxe4 11. Qxe4 Nf8 12. Bf4 Bf6 13. Rad1 Ng6 14. Be3 Qa5
15. a3 Qf5 16. Qxf5 exf5 17. Rd2 Ne7 18. d5 cxd5 19. cxd5 Ng6 20. Rc1 Rd8 21.
Rc7 Rd7 22. Rxd7 Bxd7 23. Rc2 Bd8 24. h3 b6 25. Bg5 f6 26. Be3 Rc8 27. Rxc8
Bxc8 28. Nd4 Bd7 1/2-1/2

[Event "24.Schlosspark-Open"]
[Site "Wiesbaden-Biebrich"]
[Date "2012.08.24"]
[Round "2.77"]
[White "Busch, Günther"]
[Black "Günther, Rainer"]
[Result "0-1"]
[WhiteElo "1321"]
[BlackElo "1764"]
[PlyCount "116"]
[EventDate "2012.??.??"]
[WhiteTeam "FC 1934 Wiesbaden-Bierstadt"]
[BlackTeam "SV Mainz-Mombach"]

1. Nf3 Nf6 2. g3 d5 3. Bg2 g6 4. b3 Bg7 5. Bb2 c6 6. O-O O-O 7. d3 Nbd7 8. Nbd2
Re8 9. Rb1 e5 10. e4 d4 11. b4 a5 12. a3 b5 13. Nb3 axb4 14. axb4 Nb6 15. Nc5
Nfd7 16. Nb3 Na4 17. Qd2 Qe7 18. c3 c5 19. Na5 Nxb2 20. Rxb2 Nb6 21. cxd4 cxd4
22. Rc1 Na4 23. Rbb1 Nc3 24. Rb2 Ra6 25. Ne1 Be6 26. Nc2 Rc8 27. Rf1 Qd7 28.
Ne1 Bh3 29. Nf3 Bxg2 30. Kxg2 Ra7 31. Ng1 Rac7 32. Ne2 Na4 33. Ra2 Nc3 34. Rb2
Nxe2 35. Qxe2 Bh6 36. Nb3 Bf8 37. Qd2 Rc3 38. Na5 Qc7 39. Rfb1 Rc2 40. Rxc2
Qxc2 41. Qxc2 Rxc2 42. Rb3 Rc3 43. Kf1 Rxb3 44. Nxb3 Bxb4 45. Ke2 Bc3 46. Kd1
b4 47. Kc2 f5 48. f3 h5 49. Nc5 Kf7 50. Kd1 Ke7 51. h3 fxe4 52. fxe4 Kd6 53.
Kc2 Kxc5 54. g4 hxg4 55. hxg4 Kb5 56. Kb3 g5 57. Ka2 Ka4 58. Kb1 Ka3 0-1